Stát a církev
Postavenie cirkví a náboženských organizácií v Českej republike. Postoj vlády k cirkvám a majetku. Alternatívy financovania cirkví. Názor cirkví na svoj vzťah ku štátu. Príklady financovania cirkví v zahraničí. Zhodnotenie a posúdenie možností finančnej pomoci cirkvám zo strany štátu.
Salvato in:
| Autore principale: | |
|---|---|
| Natura: | Capitolo di libro |
| Lingua: | ceco |
| Soggetti: | |
| Tags: |
Nessun Tag, puoi essere il primo ad aggiungerne!!
|
MARC
| LEADER | 00000naa a2200000 4500 | ||
|---|---|---|---|
| 001 | r027951 | ||
| 005 | 20230927130034.8 | ||
| 041 | 0 | |a cze | |
| 044 | |a CZ | ||
| 245 | 1 | 0 | |a Stát a církev |c Daniel Sýkora |
| 520 | |a Postavenie cirkví a náboženských organizácií v Českej republike. Postoj vlády k cirkvám a majetku. Alternatívy financovania cirkví. Názor cirkví na svoj vzťah ku štátu. Príklady financovania cirkví v zahraničí. Zhodnotenie a posúdenie možností finančnej pomoci cirkvám zo strany štátu. | ||
| 610 | 2 | 0 | |a cirkev |
| 610 | 2 | 0 | |a organizácie náboženské |
| 610 | 2 | 0 | |a štát a cirkev |
| 610 | 2 | 0 | |a vláda |
| 610 | 2 | 0 | |a Česko |
| 610 | 2 | 0 | |a financovanie |
| 610 | 2 | 0 | |a krajiny vyspelé |
| 610 | 2 | 0 | |a dotácie |
| 610 | 2 | 0 | |a pomoc finančná |
| 100 | 1 | |a Sýkora, Daniel | |